000 00466nam a22001577a 4500
005 20251108165902.0
008 250721s9999 xx 000 0 ara d
082 1 4 _aط/790/نشأ
100 1 _aالمصري، نشأت
245 1 0 _aتسالي الليالي للطفل المسلم /
264 1 _aالقاهره :
_bمكتبة القرآن،
_c[19-].
300 _a2ج ؛مص
650 1 7 _aالترفيه و التسليه
942 _2ddc
_cBK
999 _c33877
_d33877